000 00962nas a2200313 4500
001 BR2015006385
003 BR-BrBNA
005 20231205130636.0
007 ta
008 230509b bl.|||p| |||| 00| 00por d
040 _aBR-BrBNA
_bpor
_cBiblioteca Nacional de Agricultura
041 _a(En)
072 _aF30; H20
100 1 _aAbreu, J.R. de
100 1 _aPaiva, L.V.
100 1 _aRodríguez, M.A.D.
100 1 _aSilva, A.T.
100 1 _aHenriques, A.R.
100 1 _aChalfun-Junior, A.
245 1 _aIdentification and quantification of differentially expressed genes associated with citrus blight (Citrus spp.)
650 _aGENE
650 _aDECLINIO DOS CITRUS
650 _aHIBRIDAÇÃO
650 _aLARANJA PERA
650 _aLIMÃO CRAVO
773 0 _tCiência e Agrotecnologia (Brazil)
_xISSN 1413-7054
_g(Jan-Feb 2015), v. 39(1) p. 32-38
_wBR2015006385
909 _a202311
_bLúcia
_c55
_dLúcia Elande
942 _2AGRIS
_n0
_cANA
999 _c250487
_d250487